000 00776nas a2200253 4500
001 BR9601273
003 BR-BrBNA
005 20231205095710.0
007 ta
008 230509b bl.|||p| |||| 00| 00por d
040 _aBR-BrBNA
_bpor
_cBiblioteca Nacional de Agricultura
041 _a(Pt)
072 _aE16
100 1 _aMartins, R.S.
100 1 _aMassola, M.P.
245 1 _aA dinamica da agricultura paranaense nos anos 70 e 80: o caso das culturas de verao
650 _aCultura de Verao
650 _aPreco
650 _aComercializacao
650 _aPARANÁ
773 0 _tRevista de Economia e Sociologia Rural (Brazil)
_xISSN 0103-2003
_g(Jul-Sep 1994), v. 32(3) p. 305-321
_wBR9601273
909 _a202311
_bLúcia
_c55
_dLúcia Elande
942 _2AGRIS
_n0
_cANA
999 _c152217
_d152217